000 01063nam a2200277Ia 4500
003 OSt
005 20221005105552.0
006 a|||||r|||| 00| 0
007 ta
008 221004b |||||||| |||| 00| 0 hin d
020 _a9788171193677 (hbk)
_cINR 395.00
024 _a34859
037 _bBR-3116, 15/09/2017, Rajkamal Prakashan Pvt. Ltd.
_cTextual
040 _aCRL
_cCRL
_bhin
041 _2hin
_ahin
082 _aO152,1N177:g, N8
100 _aचक्रधर, अशोक, ले.
245 0 _aमुक्तिबोध की समीक्षाई
246 _aMuktibodh kī samīkṣhāī
260 _aनई दिल्ली
_bराधाकृष्ण प्रकाशन भारत
_c2016
300 _a176पृ0
_ccm.
650 _a हिन्दी आलोचना
650 _aहिन्दी साहित्य
942 _hO152,1N177:g, N8
_cTEXL
_2cc
999 _c1016195
_d1016195